Charakteristika a ekonomické výsledky mikropodnikov pôsobiacich v odvetví ostatnej vydavateľskej činnosti

Salvato in:
Dettagli Bibliografici
Autore principale: Tóth, Miroslav, 1961-
Altri autori: Tóthová, Alena, 1968-
Natura: Capitolo di libro
Lingua:slovacco
Tags: Aggiungi Tag
Nessun Tag, puoi essere il primo ad aggiungerne!!

MARC

LEADER 00000naa$a2200000$$$4500
001 0271528
005 20240502074258.3
041 0 |a slo 
044 |a SK 
245 1 0 |a Charakteristika a ekonomické výsledky mikropodnikov pôsobiacich v odvetví ostatnej vydavateľskej činnosti  |c Miroslav Tóth, Alena Tóthová 
100 1 |a Tóth, Miroslav, 1961- 
700 1 |a Tóthová, Alena, 1968-